00826nam a22002297a 4500999001500000001000600015003000900021005001700030008004100047020001500088040003800103082001700141245009500158260005900253300002800312650003800340650003000378700002100408700002300429942001200452952013200464 c1185d118511144BD-DhUAP20200203162238.0200203r2000 enk||||| |||| 00| 0 eng d a1858362628 aBD-DhUAPbEngcBD-DhUAPdBD-DhUAP 223a341 PUB  aPublic international law : bcasebook / cEdited by Lord Templeman and Robert M. Maclean. aLondon : bOld Bailey Press, cc1997 [Reprinted 2000]. ax, 266 pages ;c24 cm.  aInternational law vStudy guides. aPublic international law. aTempleman, Lord. aMaclean, Robert M. 2ddccBK 00102ddc4070aUAPCLbUAPCLcGeneral Stacksd2020-02-03l2m4o341 PUBp3010011144r2025-10-26s2025-09-28t1w2020-02-03yBK